| 000 | 00416nam a2200205Ia 4500 | ||
|---|---|---|---|
| 001 | 12000 | ||
| 003 | GE_BSU | ||
| 008 | 181216s||||||||xx |||||||||||||| ||und|| | ||
| 020 | _a0747240752 | ||
| 040 | _cGE_BSU | ||
| 080 | _a821.111-32 | ||
| 100 | _aCox,Josephine | ||
| 245 | _aOutcast | ||
| 260 | _aLondon | ||
| 260 | _bHeadline | ||
| 260 | _c1992. | ||
| 300 | _a272p;18cm. | ||
| 653 | _aOutcast | ||
| 942 | _cBK | ||
| 999 |
_c45177 _d45177 |
||